Score 0/24 Timer 03:00
2 Plays Today
Hint % Correct
Sock
98.1%
Sunflower
97.7%
Stamp
96.9%
Salt shaker
96.5%
Steak
96.1%
Strawberry
95.7%
Shoe
95.6%
Saw
95.4%
Spacebar
94.9%
Saxophone
94.8%
Snowflake
94.5%
Scissors
94.4%
Hint % Correct
Ship
94.3%
Slinky
94%
Sword
93.4%
Stapler
93.2%
Skull
92%
Stop Sign
89.1%
Salami
87%
Spool
85.8%
Sewing Machine
85.2%
Stethoscope
81.9%
Sushi
81.3%
Soccer ball
61%

You're not logged in!

Compare scores with friends on all Sporcle quizzes.
OR
Log In

Sporcle TV

Today on Sporcle TV


Watch our educational content, quiz creation guides, and fun videos on Sporcle TV.

Show Comments

Extras

Top Quizzes Today


Score Distribution

Paid Content

Your Account Isn't Verified!

In order to create a playlist on Sporcle, you need to verify the email address you used during registration. Go to your Sporcle Settings to finish the process.

Report this User

Report this user for behavior that violates our Community Guidelines.

Details: